Normal view MARC view

Entry Personal Name

Number of records used in: 2

001 - CONTROL NUMBER

  • control field: 10503

003 - CONTROL NUMBER IDENTIFIER

  • control field: dpl

005 - DATE AND TIME OF LATEST TRANSACTION

  • control field: 20100811100154.0

008 - FIXED-LENGTH DATA ELEMENTS

  • fixed length control field: 100811|||a|||||| | ||| d

040 ## - CATALOGING SOURCE

  • Original cataloging agency: dpl
  • Transcribing agency: dpl

100 ## - HEADING--PERSONAL NAME

  • Personal name: Swarnalatha, R.

670 ## - SOURCE DATA FOUND

  • Source citation: Work cat.: (dpl)40485: Swarnalatha, R., Paddy - the major foodgrain of Tamilnadu, 2008

670 ## - SOURCE DATA FOUND

  • Source citation: Work cat.: (dpl)40485: Swarnalatha, R., Paddy - the major foodgrain of Tamilnadu, 2008

© Delhi Public Library
Hit Counter
free hit counter